000
00353pab a2200157 454500
008
180718b2011 xxu||||| |||| 00| 0 eng d
100
_a
Sahoo, B.B.
245
_a
Value chain system in agricultural financing
260
_c
2011
300
_a
p.54-57.
362
_a
Jan
650
_a
Agriculture
773
_a
Yojana
908
_a
N
909
_a
90397
999
_c
90397
_d
90397